| 000 | 00811nam a22002057a 4500 | ||
|---|---|---|---|
| 005 | 20171108102403.0 | ||
| 008 | 150511b xxu||||| |||| 00| 0 eng d | ||
| 020 | _a9781921972317 | ||
| 050 | _aQA 273 Q7St 2013 | ||
| 100 | _aQuinn, Catherine | ||
| 245 |
_aMathematics for the international student mathematics HL option : statistics and probability / _cCatherine Quinn |
||
| 260 |
_aAustralia _bHaese and Harris Publications _c2013 |
||
| 300 |
_a208 pages., _bcolor illustrations., _c; 24 cm. |
||
| 650 |
_2Library of Congress Subject Headings _aStatistics and probability |
||
| 650 |
_2Library of Congress Subject Headings _aInternational Baccalaureate |
||
| 700 | _aSangwin, Chris | ||
| 700 | _aMichael, Haese | ||
| 700 | _aHaese, Robert | ||
| 942 |
_2lcc _cBK _hQA 273 Q7St 2013 |
||
| 999 |
_c283961 _d283961 |
||